2021 Albums by album cover - Statistics

General Stats
  • This quiz has been taken 8 times
  • The average score is 7 of 15
Answer Stats
Picture Answer % Correct
SOUR
88%
Happier Than Ever
75%
30
63%
CALL ME IF YOU GET LOST
63%
Certified Lover Boy
63%
An Evening with Silk Sonic
50%
Donda
50%
MONTERO
38%
Culture III
25%
Life of a DON
25%
Planet Her
25%
Punk
25%
The Off-Season
25%
The Voice of the Heroes
25%
Vince Staples
25%
No matching quizzes found
Score Distribution
Percent of People with Each Score
Percentile by Number Answered
Your Score History
You have not taken this quiz